| 000 | 00587nam a2200169 i 4500 | ||
|---|---|---|---|
| 001 | 22695 | ||
| 003 | ES-MaACL | ||
| 005 | 20251103230946.0 | ||
| 007 | t| | ||
| 008 | 021204s1918 sp ||||1| cat d | ||
| 100 | 1 |
_aAlmera y Comas, Jaime. _920144 |
|
| 245 | 1 | 0 |
_aEnumeració de las especies fóssiles dels teranyo paléozoies de la provincia de Barcelona... / _cpel Jaume Almera ; amb la coolaboració de M. Faura i Sans. |
| 260 |
_aBarcelona : _bMuseu Martorell, _c1918. |
||
| 700 | 1 |
_aFaura i Sans, M., _d1883-1941 _948954 |
|
| 852 |
_aES-MaACL _j1622-F-18 |
||
| 999 |
_c22695 _d22695 |
||